000 00452nam a2200181Ia 4500
001 14047
005 20260306164845.0
008 260306t2017||||xx |||||||||||||| ||spa||
041 _aESP
082 _a006.3
_bK22
100 _aKaplan, Jerry
_eAUT
245 0 _aInteligencia artificial:
_blo que todo el mundo debe saber
260 _c2017
300 _axv, 173 páginas :
_c21 cm.
650 _aGEN
654 _aCCC
942 _cLIB
_dJUS
_fJUS
_2ddc
_n
999 _c14047
_d14047